000 00788nam a22002177a 4500
999 _c17952
_d17952
003 OSt
005 20231027134857.0
008 230207b ||||| |||| 00| 0 eng d
040 _c0
082 _aDPer 510.5 Am351 October - December 2021 v143 no. 5-6
100 _aGorodetsky, Ofir.
_eauthor.
_947825
245 _aThe variance of the number of sums of two squares in Fq [T] in short intervals /
_cOfir Gorodetsky and Brad Rodgers
260 _aBaltimore, MaryLand U.S.,
_bJohns Hopkins University Press,
_cDecember 2021.
300 _avolume 143, pages 1703-1745.
650 _aNumbers.
_947655
650 _aNumber theory.
_947826
650 _aFunctions.
_947827
700 _aGorodetsky, Ofir.
_eauthor.
_947825
700 _aRodgers, Brad.
_eauthor.
_947828
942 _2ddc
_cPER